<?xml version="1.0" encoding="UTF-8"?>
<collection xmlns:xsi="http://www.w3.org/2001/XMLSchema-instance" xsi:schemaLocation="http://www.loc.gov/MARC21/slim http://www.loc.gov/standards/marcxml/schema/MARC21slim.xsd" xmlns="http://www.loc.gov/MARC21/slim">
 <record>
  <leader>00000cam a22000004a 4500</leader>
  <controlfield tag="001">UP-99796217607519846</controlfield>
  <controlfield tag="003">Buklod</controlfield>
  <controlfield tag="005">20230503092542.0</controlfield>
  <controlfield tag="006">m    |o  d |      </controlfield>
  <controlfield tag="007">ta</controlfield>
  <controlfield tag="008">101021s2001    xx ab   rb   |000 0|eng d</controlfield>
  <datafield tag="020" ind1=" " ind2=" ">
   <subfield code="a">9719171650</subfield>
  </datafield>
  <datafield tag="035" ind1=" " ind2=" ">
   <subfield code="a">(iLib)UPD-00000477999</subfield>
  </datafield>
  <datafield tag="040" ind1=" " ind2=" ">
   <subfield code="a">DSWCD</subfield>
  </datafield>
  <datafield tag="041" ind1="0" ind2=" ">
   <subfield code="a">eng</subfield>
  </datafield>
  <datafield tag="042" ind1=" " ind2=" ">
   <subfield code="a">DMLUC</subfield>
  </datafield>
  <datafield tag="090" ind1=" " ind2=" ">
   <subfield code="a">HT 395 A85</subfield>
   <subfield code="b">H67</subfield>
  </datafield>
  <datafield tag="245" ind1="0" ind2="0">
   <subfield code="a">Hope takes root</subfield>
   <subfield code="b">community-based coastal resources management stories from Southeast Asia</subfield>
   <subfield code="c">editors, Elmer Magsanoc Ferrer, Lenore Polotan-de la Cruz, Gary F. Newkirk.</subfield>
  </datafield>
  <datafield tag="264" ind1=" " ind2="1">
   <subfield code="a">[Diliman, Quezon City?]</subfield>
   <subfield code="b">CBCRM Resource Center</subfield>
   <subfield code="c">c2001.</subfield>
  </datafield>
  <datafield tag="300" ind1=" " ind2=" ">
   <subfield code="a">xxv, 275 p.</subfield>
   <subfield code="b">ill., maps</subfield>
  </datafield>
  <datafield tag="505" ind1="0" ind2=" ">
   <subfield code="a">Community banning of electric fishing in Quang Thai, Tam Giang Lagoon, Vietnam / Truong Van Tuyen -- Nursing the seeds of lagoon management, our story grows from our history / Ton That Phap -- Supporting fishery co-management initiatives in the Central Highlands of Vietnam / Verse Logarta ... [et al.] -- Discovering new lessons, CBCRM in Peam Krasaop Wildlife Sanctuary / Melissa Marschke, Kim Nong, Nin Vantha -- Smashed livelihoods, life as a charcoal producer in Peam Krasaop Wildlife Sanctuary / Kim Nong, Nin Vantha, Melissa Marshcke -- Off the beaten track, developing sustainable CBCRM among the fishers of Cabangan, Zambales / Benedict Balderrama -- Learning by doing, community-academe partnership in CBCRM / Sammie Formilleza, Eva Garibay-Rivera -- Resource management is part of life, the San Teodoro CBCRM experience / Orlando C. Arciaga -- Catching power, a story of Honda Bay CBCRM / John Galit -- The healing of a Tagbanua ancestral homeland / Dante Dalabajan -- People and resources, CBCRM initiatives in Taytay, Northern Palawan / Rebecca Rivera-Gu Ieb, Ernie H. Jarabejo -- Take the sea cucumber how fishers, legislators and executives realized the need for fisheries management in Danao Bay / Arjan Heinen.</subfield>
  </datafield>
  <datafield tag="650" ind1=" " ind2="0">
   <subfield code="a">Coastal zone management</subfield>
   <subfield code="x">Citizen participation.</subfield>
   <subfield code="z">Southeast Asia.</subfield>
  </datafield>
  <datafield tag="650" ind1=" " ind2="0">
   <subfield code="a">Coastal zone management</subfield>
   <subfield code="x">Citizen participation</subfield>
   <subfield code="z">Southeast Asia</subfield>
   <subfield code="v">Case studies.</subfield>
  </datafield>
  <datafield tag="650" ind1=" " ind2="0">
   <subfield code="a">Marine resources</subfield>
   <subfield code="x">Management</subfield>
   <subfield code="z">Southeast Asia</subfield>
   <subfield code="v">Case studies.</subfield>
  </datafield>
  <datafield tag="650" ind1=" " ind2="0">
   <subfield code="a">Resource based communities</subfield>
   <subfield code="z">Southeast Asia.</subfield>
  </datafield>
  <datafield tag="700" ind1="1" ind2=" ">
   <subfield code="a">Ferrer, Elmer M.</subfield>
   <subfield code="d">1948-.</subfield>
  </datafield>
  <datafield tag="700" ind1="1" ind2=" ">
   <subfield code="a">De la Cruz, Lenore Polotan.</subfield>
  </datafield>
  <datafield tag="700" ind1="1" ind2=" ">
   <subfield code="a">Newkirk, Gary F.</subfield>
  </datafield>
  <datafield tag="842" ind1=" " ind2=" ">
   <subfield code="a">Book</subfield>
  </datafield>
  <datafield tag="856" ind1="4" ind2="1">
   <subfield code="u">http://www.loc.gov/catdir/toc/fy12pdf01/2010338904.html</subfield>
   <subfield code="3">Table of contents only</subfield>
  </datafield>
  <datafield tag="905" ind1=" " ind2=" ">
   <subfield code="a">FI</subfield>
  </datafield>
  <datafield tag="905" ind1=" " ind2=" ">
   <subfield code="a">Monograph</subfield>
  </datafield>
  <datafield tag="852" ind1="0" ind2=" ">
   <subfield code="a">UPD</subfield>
   <subfield code="b">DMLF</subfield>
   <subfield code="h">HT 395 A85</subfield>
   <subfield code="i">H67</subfield>
  </datafield>
  <datafield tag="852" ind1="0" ind2=" ">
   <subfield code="a">UPD</subfield>
   <subfield code="b">DSWCD</subfield>
   <subfield code="h">HT 395 A85 H67</subfield>
  </datafield>
  <datafield tag="852" ind1="0" ind2=" ">
   <subfield code="a">UPD</subfield>
   <subfield code="b">DSWCD</subfield>
   <subfield code="h">HT 395 A85</subfield>
   <subfield code="i">H67</subfield>
  </datafield>
  <datafield tag="942" ind1=" " ind2=" ">
   <subfield code="a">Book</subfield>
  </datafield>
 </record>
</collection>
